000 00319nam a22001337a 4500
008 171101b xxu||||| |||| 00| 0 eng d
020 _a0312166729
041 _aeng
080 _22ND
_a339.9
100 _a59
101 _aGLO
245 _aTHE CONTEMPORARY INTERNATIONAL ECONOMY A READER
_cADAMS,J
942 _2udc
_cBK
999 _c37124
_d37124